Central Library OPAC University of Rajshahi

Financial and accounting guide for nonprofit organizations / (Record no. 15418)

MARC details
000 -LEADER
fixed length control field 00760cam a2200265 i 4500
001 - CONTROL NUMBER
control field 15418
003 - CONTROL NUMBER IDENTIFIER
rucl marc code BD-RjUL
005 - DATE AND TIME OF LATEST TRANSACTION
control field 20211208235818.0
008 - FIXED-LENGTH DATA ELEMENTS--GENERAL INFORMATION
fixed length control field 140210s1974 nyua b 001 0 eng
020 ## - INTERNATIONAL STANDARD BOOK NUMBER
International Standard Book Number 0471065293
035 ## - SYSTEM CONTROL NUMBER
System control number (BD-RjUL)15472
040 ## - CATALOGING SOURCE
Original cataloging agency DLC
Transcribing agency DLC
Modifying agency DLC
Language of cataloging eng
041 ## - LANGUAGE CODE
Language code of text/sound track or separate title eng
082 00 - DEWEY DECIMAL CLASSIFICATION NUMBER
Classification number 657.98
Author mark and year GRF 1974
100 1# - MAIN ENTRY--PERSONAL NAME
Personal name Gross, Malvern J.
9 (RLIN) 47891
245 10 - TITLE STATEMENT
Title Financial and accounting guide for nonprofit organizations /
Statement of responsibility, etc. Malvern J. Gross.
250 ## - EDITION STATEMENT
Edition statement 2d ed.
260 ## - PUBLICATION, DISTRIBUTION, ETC. (IMPRINT)
Place of publication, distribution, etc. New York :
Name of publisher, distributor, etc. Ronald Press Co.,
Date of publication, distribution, etc. [1974]
300 ## - PHYSICAL DESCRIPTION
Pagination ix, 572 p. :
Illustrations ill. ;
Size 24 cm.
504 ## - BIBLIOGRAPHY, ETC. NOTE
Bibliography, etc Includes index.
650 #0 - SUBJECT ADDED ENTRY--TOPICAL TERM
Topical term or geographic name as entry element Nonprofit organizations
General subdivision Accounting.
9 (RLIN) 45279
942 ## - ADDED ENTRY ELEMENTS (KOHA)
Source of classification or shelving scheme Dewey Decimal Classification
Koha item type Books
Holdings
Lost status Source of classification or shelving scheme Damaged status Not for loan Collection code Permanent Location Current Location Shelving location Date acquired Source of acquisition Cost, normal purchase price Total Checkouts Full call number Date last seen Copy number Koha item type
  Dewey Decimal Classification   Not For Loan Non-fiction Central Library, University of Rajshahi Central Library, University of Rajshahi Reading Room 27/07/1980 Heffers. 13.75   657.98 GRF 1974 10/02/2014 C-1 Books
  Dewey Decimal Classification     Non-fiction Central Library, University of Rajshahi Central Library, University of Rajshahi   27/03/1980 heffers 13.75   657.98 GRF 1974 27/02/2014 C-2 Books
  Dewey Decimal Classification     Non-fiction Central Library, University of Rajshahi Central Library, University of Rajshahi   27/03/1980 Heffers 13.95   657.98 GRF 1974 12/09/2019 C-3 Books
  Dewey Decimal Classification     Non-fiction Central Library, University of Rajshahi Central Library, University of Rajshahi   27/03/1980 Heffers 13.95   657.98 GRF 1974 12/09/2019 C-4 Books